01629cam a22002895i 45000010009000000050017000090080041000260100017000670200030000840200026001140200027001400350013001670400023001800420008002030820013002112450146002242500011003702630009003812640045003903000013004353360026004483370028004743380027005025200680005297000040012098560090012492187298220260606124714.0210119s2021 cau 000 0 eng  a 2021930982 a9789353887568q(hardback) z9789353887575q(epub) z9789353887582q(ebook) a21872982 aDLCbengerdacDLC apcc a658.409200aTransformational leadership in banking :bchallenges of governance, leadership and hr in a digital and disruptive world /cAnil K Khandelwal. aFirst. a2102 1aThousand Oaks :bSAGE Publishing,c2021. apages cm atextbtxt2rdacontent aunmediatedbn2rdamedia avolumebnc2rdacarrier a"Banking is a key sector in the economic system, more so at a time when economy is experiencing serious challenges. A strong and well-functioning banking sector is necessary for the turnaround of the economy. Banking sector however itself is beset with its' own serious challenges, which have their roots in the legacy policies, practices and governance processes. The sector also is facing seismic challenges of various types in terms of future of banking. The COVID-19 situation has already re-defined leadership challenges, and these new leadership challenges need new approaches and mind-sets towards banking reform and building resilient banks"--cProvided by publisher.1 aKhandelwal, Anil K,d1948-eeditor. uhttps://sk.sagepub.com/books/transformational-leadership-in-bankingyRead SAGE E-Book